[Event "Ch Peru"]
[Site "Peru"]
[Round "5"]
[White "Belli Mario (PER)"]
[Black "Urday Henry (PER)"]
[Result "1-0"]
[WhiteElo "2425"]
[BlackElo "2450"]

1.d4 Nf6 2.Nf3 d6 3.c4 Bg4 4.Qb3 Qc8 5.g3 Nbd7 6.Bg2 c6 7.O-O e5 8.Qe3 Qc7
9.b3 Be7 10.Bb2 Bxf3 11.Bxf3 O-O 12.Nc3 Rfe8 13.Rad1 Bf8 14.Bg2 a6 15.Qd3 Rac8
16.e3 b5 17.Rc1 Qb6 18.Rc2 b4 19.Ne4 Nxe4 20.Bxe4 Nf6 21.c5 dxc5 22.dxe5 Rcd8
23.Qc4 Nd7 24.f4 Qb7 25.Qe2 Nb6 26.Qf3 Rc8 27.Rd1 Red8 28.Rxd8 Rxd8 29.Bxc6
Qc7 30.Kg2 a5 31.h4 Qa7 32.h5 h6 33.f5 Qe7 34.Be4 a4 35.f6 Qe6 36.Bf5 Qd5
37.e4 Qd3 38.Qxd3 Rxd3 39.e6 gxf6 40.Bxf6 axb3 41.axb3 Rxb3 42.e7 Bxe7 43.Bxe7
c4 44.Rd2 {#r} 1-0

[Event "It (open)"]
[Site "Robecchetto (Italy)"]
[Round "2"]
[White "Scavo Fernando (ITA)"]
[Black "Mantovani Renzo (ITA)"]
[Result "0-1"]
[WhiteElo "2165"]
[BlackElo "2360"]

1.d4 d6 2.Nf3 Bg4 3.c4 Nf6 4.Nc3 Nc6 5.Bg5 e5 6.d5 Nb8 7.e4 Be7 8.Be3 O-O
9.Bd3 Ne8 10.h3 Bxf3 11.Qxf3 Bg5 12.Ke2 Nd7 13.b4 c6 14.Rhc1 g6 15.g4 Ng7
16.Rh1 a5 17.a3 Kh8 18.Rab1 axb4 19.axb4 Ra3 20.Kd2 Qe7 21.Ra1 Rfa8 22.Rxa3
Rxa3 23.h4 Bxe3+ 24.Qxe3 Kg8 25.f3 h5 26.g5 Qd8 27.Rc1 Kh7 28.Qg1 f6 29.gxf6
Qxf6 30.Qg3 Qd8 31.Rg1 Nf8 32.Qf2 c5 33.bxc5 Qa5 34.Rc1 Nd7 35.f4 Nxc5 36.f5
Nb3+ 37.Kd1 Nxc1 38.fxg6+ Kxg6 39.Qg3+ Kh7 {#R} 0-1

[Event "Slovak League 1995/96"]
[Site "Slovakia"]
[Round "13"]
[White "Likavsky Tomas (SVK)"]
[Black "Kalisky Vladimir (SVK)"]
[Result "1-0"]
[WhiteElo "2305"]
[BlackElo "2234"]

1.d4 Nf6 2.c4 d6 3.Nf3 Bg4 4.Qb3 Qc8 5.h3 Bh5 6.g4 Bg6 7.Bg2 c6 8.Nc3 e6 9.O-O
Be7 10.Nh4 d5 11.Nxg6 hxg6 12.e4 dxe4 13.g5 Nh5 14.Nxe4 Qc7 15.Be3 Nd7 16.d5
e5 17.d6 Bxd6 18.Nxd6+ Qxd6 19.Qxb7 Rb8 20.Qxc6 Qxc6 21.Bxc6 Rc8 22.Bb5 Ke7
23.Rfd1 Nb8 24.Rd5 f6 25.gxf6+ gxf6 26.c5 Ng7 27.Bf1 Nf5 28.Rad1 Rh4 29.a3 Nc6
30.Rd7+ Ke6 31.b4 Nfd4 32.Bxd4 Kxd7 33.Bxe5+ Ke6 34.Bc3 Re4 35.Rd6+ Ke7
36.Bxf6+ Kf7 37.Bc3 Ne5 38.Bg2 Re2 39.Kf1 Re8 40.Bd5+ Kf8 41.Kxe2 {#r} 1-0

[Event "Ch Estonia"]
[Site "Tallinn (Estonia)"]
[Round "5"]
[White "Voon Viktor (EST)"]
[Black "Karner Hillar (EST)"]
[Result "0-1"]
[WhiteElo "2172"]
[BlackElo "2325"]

1.d4 Nf6 2.Nf3 d6 3.c4 Bg4 4.e3 c6 5.Nc3 e6 6.Be2 d5 7.h3 Bh5 8.g4 Bg6 9.Ne5
Nfd7 10.Nxg6 hxg6 11.e4 dxc4 12.Bxc4 Nb6 13.Bb3 N8d7 14.Be3 Bd6 15.Qe2 Qe7
16.Kf1 e5 17.d5 Bc5 18.dxc6 bxc6 19.Na4 Bxe3 20.Qxe3 Qb4 21.Nxb6 axb6 22.a3
Qb5+ 23.Kg2 Nc5 24.Ba2 Nd3 25.a4 Qa6 26.Kf3 Nf4 27.Qc3 Qe2+ 28.Kg3 Qxe4 29.f3
Ne2+ 30.Kg2 Nxc3 31.fxe4 Ne2 32.Bc4 Nf4+ 33.Kg3 Ke7 34.b4 Rhd8 35.b5 Rd4
36.Rhc1 c5 37.a5 bxa5 38.b6 Kd6 39.b7 Rb8 40.Rxa5 Rxb7 41.Ra6+ Ke7 42.Rc6 Rxe4
43.Rc3 f6 44.Rxc5 Rd4 45.Ba6 Rb2 {#R} 0-1

[Event "Ch Estonia"]
[Site "Tallinn (Estonia)"]
[Round "1"]
[White "Voon Viktor (EST)"]
[Black "Olde Hendrik (EST)"]
[Result "0-1"]
[WhiteElo "2172"]
[BlackElo "2290"]

1.d4 Nf6 2.Nf3 d6 3.c4 Bg4 4.Qb3 Qc8 5.Nbd2 Nbd7 6.h3 Bh5 7.g4 Bg6 8.Bg2 c6
9.Nh4 e5 10.Nxg6 hxg6 11.Nf3 Qc7 12.Be3 Be7 13.c5 dxc5 14.Nxe5 Nxe5 15.dxe5
Qxe5 16.Qxb7 O-O 17.Qxc6 Rad8 18.O-O Qxb2 19.Bf4 Qb4 20.e3 Rd2 21.Rab1 Rb2
22.Rxb2 Qxb2 23.Qc7 Bd8 24.Qxa7 c4 25.Bd6 Re8 26.g5 Ne4 27.Ba3 Qb5 28.Rd1 Bxg5
29.Qd7 Qb8 30.Rc1 Nxf2 31.Rxc4 Bxe3 32.Bb7 Ne4+ 33.Kh1 Qg3 {#R} 0-1

[Event "Olympiad"]
[Site "Yerevan (Armenia)"]
[Round "11"]
[White "Gausel Einar (NOR)"]
[Black "Damaso Rui (POR)"]
[Result "1-0"]
[WhiteElo "2520"]
[BlackElo "2420"]

1.d4 Nf6 2.c4 d6 3.Nf3 Bg4 4.Nc3 Nbd7 5.e4 e5 6.Be2 Be7 7.O-O O-O 8.Be3 c6
9.d5 Qa5 10.a3 Rfc8 11.Nd2 Bxe2 12.Qxe2 Qa6 13.b4 cxd5 14.exd5 b6 15.f4 Qb7
16.g4 exf4 17.Bxf4 Ne5 18.Bxe5 dxe5 19.g5 Ne8 20.Nce4 a5 21.Qh5 Bf8 22.Qh3 g6
23.b5 a4 24.Rf6 Rxc4 25.Nxc4 Qxd5 26.Qe3 Qxc4 27.Rxb6 Rd8 28.Rc1 Qa2 29.Rb7
Nd6 30.Rd7 {#r} 1-0

[Event "Olympiad (w)"]
[Site "Yerevan (Armenia)"]
[Round "10"]
[White "Prudnikova Svetlana (SRB)"]
[Black "Bandziene Rasa (LTU)"]
[Result "1-0"]
[WhiteElo "2385"]
[BlackElo "2170"]

1.d4 d6 2.Nf3 Bg4 3.c4 Nf6 4.Nc3 c6 5.e4 Nbd7 6.Be2 e5 7.O-O Be7 8.Be3 O-O
9.d5 Qc7 10.Nd2 Bxe2 11.Qxe2 Rfe8 12.Rac1 Rac8 13.b4 a6 14.Nb3 Qb8 15.f3 cxd5
16.cxd5 Bd8 17.b5 Bb6 18.Bxb6 Nxb6 19.bxa6 Qa7 20.axb7 Rxc3 21.Rxc3 Nbxd5+
22.Qf2 Qxf2+ 23.Rxf2 Nxc3 24.Rc2 Nd7 25.Rxc3 Kf8 26.Rc8 Nb8 27.Na5 {#r} 1-0

[Event "Ch Argentina (1/2 final)"]
[Site "Argentina"]
[Round "0"]
[White "Soppe Guillermo (ARG)"]
[Black "Ginzburg Maximiliano (ARG)"]
[Result "1-0"]
[WhiteElo "2440"]
[BlackElo "2450"]

1.Nf3 d6 2.d4 Bg4 3.c4 Nf6 4.Qb3 Qc8 5.g3 c6 6.Bg2 Nbd7 7.Nc3 e5 8.Be3 Be7
9.h3 Bh5 10.O-O h6 11.Nh4 Nf8 12.c5 Ng6 13.Nxg6 Bxg6 14.cxd6 Bxd6 15.dxe5 Bxe5
16.Bc5 Nd7 17.Ba3 Qc7 18.Qb4 Bf6 19.Rac1 Qb6 20.Qa4 Bd4 21.e3 Be5 22.Rfd1 Bf5
23.Ne4 Be6 24.Nc5 Nxc5 25.Rxc5 f6 26.Bxc6+ Kf7 27.Bg2 Rhd8 28.Rxd8 Rxd8 29.Rb5
Rd1+ 30.Kh2 Qd8 31.Rxb7+ Kg8 32.Qxa7 f5 33.Bb4 Ra1 34.Qb6 Qxb6 35.Rxb6 Kf7
36.Bd6 Bf6 37.Rb7+ Kg6 38.Be7 Rxa2 39.Bxf6 Kxf6 40.Rb6 Ke7 41.e4 h5 42.h4 Ra5
43.Bf3 fxe4 44.Bxe4 {#r} 1-0

[Event "It (cat.10)"]
[Site "Balatonbereny (Hungary)"]
[Round "8"]
[White "Siegel Georg (GER)"]
[Black "Tolnai Tibor (HUN)"]
[Result "1/2-1/2"]
[WhiteElo "2540"]
[BlackElo "2555"]

1.d4 Nf6 2.Nf3 d6 3.c4 Bg4 4.Qb3 Bxf3 5.Qxf3 c6 6.Nc3 g6 7.e3 Bg7 8.Qd1 O-O
9.Be2 Nbd7 10.O-O a6 11.Rb1 b5 12.b4 Nb6 13.Qb3 bxc4 14.Bxc4 Nxc4 15.Qxc4 d5
16.Qd3 Ne8 17.a4 Nd6 18.b5 axb5 19.axb5 Qd7 20.Rb3 Nc4 21.Bd2 cxb5 22.Rxb5 Ra5
23.Rfb1 Rc8 24.Be1 e6 {#d} 1/2-1/2

[Event "It (open) \"]
[Site "Berlin (Germany)"]
[Round "9"]
[White "Daus Peter (GER)"]
[Black "Moehring Guenther (GER)"]
[Result "1-0"]
[WhiteElo "2157"]
[BlackElo "2300"]

1.d4 Nf6 2.Nf3 d6 3.c4 Bg4 4.Qb3 Qc8 5.Nbd2 Nbd7 6.e3 e5 7.h3 Bh5 8.g4 Bg6
9.Nh4 c6 10.Bd3 Qc7 11.g5 Nh5 12.Be2 exd4 13.exd4 O-O-O 14.Ndf3 Re8 15.Be3
Qa5+ 16.Nd2 Be7 17.Rg1 f6 18.Nxg6 hxg6 19.O-O-O fxg5 20.Bd3 Nf8 21.d5 cxd5
22.cxd5 Nf4 23.Bb5 Nd7 24.Nc4 Qc7 25.Bxa7 Nc5 26.Qf3 Na4 27.Qa3 Nc5 28.Bb6 Qb8
29.Bxc5 dxc5 30.d6 {#r} 1-0

[Event "It (cat.7)"]
[Site "Budapest (Hungary)"]
[Round "3"]
[White "Almasi Istvan (HUN)"]
[Black "Vadasz Laszlo (HUN)"]
[Result "1/2-1/2"]
[WhiteElo "2430"]
[BlackElo "2320"]

1.Nf3 Nf6 2.c4 d6 3.d4 Bg4 4.Qb3 Qc8 5.h3 Bxf3 6.Qxf3 g6 7.Bg5 Bg7 8.Nc3 Nbd7
9.e3 e5 10.Be2 h6 11.Bh4 O-O 12.O-O Re8 13.g4 Nh7 14.Rad1 Ng5 15.Qg2 exd4
16.exd4 Ne6 17.Bf3 Rb8 18.Nb5 g5 19.Bg3 a6 20.Na7 Qd8 21.Bxb7 Nxd4 22.b3 Nc5
23.Nc6 Nxc6 24.Bxc6 Re2 25.Rfe1 Rxe1+ 26.Rxe1 Qf6 27.Qf3 Qxf3 28.Bxf3 Bf6
29.Re3 a5 30.Bc6 Kg7 31.Rf3 Rb4 32.Bb5 a4 33.bxa4 Nxa4 34.Rb3 Rxb3 35.axb3 Nc5
36.b4 Ne4 37.Bc6 {#d} 1/2-1/2

[Event "It (open) (a)"]
[Site "Cannes (France)"]
[Round "7"]
[White "Bouaziz Slim (TUN)"]
[Black "Mantovani Renzo (ITA)"]
[Result "1/2-1/2"]
[WhiteElo "2385"]
[BlackElo "2375"]

1.d4 Nf6 2.Nf3 d6 3.c4 Bg4 4.Nc3 Nbd7 5.e4 c5 6.Be2 g6 7.O-O Bxf3 8.Bxf3 cxd4
9.Qxd4 Bg7 10.Bg5 O-O 11.Qd2 Qa5 12.Rfd1 Rfc8 13.Be2 Ne5 14.b3 b5 15.Nxb5 Qxd2
16.Bxd2 Nxe4 17.Be1 Nc6 18.Rac1 a6 19.Bf3 Ng5 20.Bxc6 Rxc6 21.Nd4 {#d} 1/2-1/2

[Event "It (cat.8)"]
[Site "Cherepovets (Russia)"]
[Round "2"]
[White "Ditiatev Sergey (RUS)"]
[Black "Zakhvatov Vladimir (RUS)"]
[Result "1/2-1/2"]
[WhiteElo "2465"]
[BlackElo "2400"]

1.Nf3 Nf6 2.c4 d6 3.d4 Bg4 4.Nc3 Nbd7 5.e4 e5 6.dxe5 Nxe5 7.Be2 Bxf3 8.Bxf3
Nxf3+ 9.Qxf3 Qd7 10.h3 O-O-O 11.Bg5 Be7 12.O-O-O Rhe8 13.Bxf6 Bxf6 14.Nd5 {#d}
1/2-1/2

[Event "It (open)"]
[Site "Decin (Czech Republic)"]
[Round "6"]
[White "Lindgren Fredrik (SWE)"]
[Black "Dolezal Radoslav (CZE)"]
[Result "0-1"]
[WhiteElo "2185"]
[BlackElo "2300"]

1.Nf3 Nf6 2.d4 d6 3.c4 Bg4 4.Nc3 Bxf3 5.exf3 e6 6.Be3 c6 7.Bd3 d5 8.a3 dxc4
9.Bxc4 Be7 10.Qc2 Nbd7 11.Ba2 O-O 12.Rd1 Re8 13.Bb1 Nf8 14.O-O Nd5 15.Ne4 Qc7
16.Rfe1 Rad8 17.Nc5 Bxc5 18.dxc5 Nxe3 19.fxe3 Rxd1 20.Rxd1 Rd8 21.Rxd8 Qxd8
22.b4 Qf6 23.Qd3 Qb2 24.Bc2 g6 25.f4 h6 26.g3 Qc1+ 27.Kg2 Qe1 28.e4 a5 29.Qd4
axb4 30.axb4 e5 31.Qxe5 Qd2+ 32.Kh3 Qxc2 33.Qb8 Qxe4 34.Qxb7 Qf3 35.Qb8 h5
36.Qe8 Qd5 37.b5 cxb5 38.Qxb5 Nd7 {#R} 0-1

[Event "Bundesliga (2nd) 1997/98"]
[Site "Germany"]
[Round "0"]
[White "Bachmann Andreas (GER)"]
[Black "Issing Peter (GER)"]
[Result "1-0"]
[WhiteElo "2295"]
[BlackElo "2247"]

1.Nf3 d6 2.d4 Nf6 3.c4 Bg4 4.e3 c6 5.Nc3 Nbd7 6.Be2 e5 7.O-O Be7 8.Qc2 O-O
9.b3 Re8 10.Rd1 Qa5 11.Bb2 Rad8 12.a3 Bf8 13.b4 Qc7 14.dxe5 dxe5 15.h3 Bh5
16.Ng5 Bxe2 17.Qxe2 h6 18.Nge4 Be7 19.Rd2 Nxe4 20.Nxe4 Nf6 21.Nxf6+ Bxf6
22.Rad1 Rxd2 23.Rxd2 Rd8 24.Qd1 Rxd2 25.Qxd2 Qe7 26.Kf1 Qe6 27.Qc2 Kf8 28.Ke2
Ke8 29.Qe4 Kd7 30.f4 exf4 31.Qxe6+ fxe6 32.Bxf6 gxf6 33.exf4 Kd6 34.Ke3 c5
35.g4 b6 36.h4 Ke7 37.Ke4 Kf7 38.g5 Kg6 39.gxf6 Kxf6 40.b5 h5 41.a4 Kg6 42.Ke5
Kf7 43.f5 exf5 44.Kxf5 Ke7 45.Kg5 Ke6 46.Kxh5 Ke5 47.Kg5 {#r} 1-0

[Event "Bundesliga (2nd) 1997/98"]
[Site "Germany"]
[Round "0"]
[White "Borik Otto (GER)"]
[Black "Meyer Falko (GER)"]
[Result "1-0"]
[WhiteElo "2405"]
[BlackElo "2335"]

1.d4 Nf6 2.Nf3 d6 3.c4 Bg4 4.Nc3 Nbd7 5.Nd2 e5 6.d5 Nc5 7.f3 Bd7 8.b4 Na6 9.a3
Nh5 10.g3 Be7 11.e4 g6 12.Nb3 Bg5 13.c5 Nb8 14.Na5 Bxc1 15.Rxc1 b6 16.Nc4 bxc5
17.bxc5 Qf6 18.Be2 Na6 19.c6 Bh3 20.Na4 Rb8 21.Na5 Nc5 22.Nxc5 dxc5 23.Nb7 O-O
24.Qc2 Qg5 25.Qd2 Qe7 26.Bc4 Kg7 27.Qe3 f5 28.Kd2 f4 29.Qxc5 Qxc5 30.Nxc5 Bg2
31.g4 Bxh1 32.Rxh1 Nf6 33.Ne6+ Kf7 34.Nxc7 Ke7 35.Nb5 Ne8 36.c7 Rc8 37.Nxa7
Rxc7 38.Nc6+ Kd6 39.Bb5 Nf6 40.a4 Ra8 41.Kc3 Nd7 42.Kb4 Nb8 43.Na5 {#r} 1-0

[Event "Ch Club"]
[Site "Helsinki (Finland)"]
[Round "2"]
[White "Salo Tapio (FIN)"]
[Black "Kilpela Panu (FIN)"]
[Result "1/2-1/2"]
[WhiteElo "2325"]
[BlackElo "2088"]

1.Nf3 d6 2.d4 Bg4 3.c4 Nf6 4.Nc3 c6 5.e4 Nbd7 6.Be2 e5 7.Be3 Be7 8.O-O O-O
9.Qc2 Qc7 10.Rac1 a6 11.d5 Ne8 12.h3 Bh5 13.dxc6 bxc6 14.b4 Qb7 15.Rb1 Nc7
16.Rfd1 Bg6 17.Qa4 Rfd8 18.c5 Nb5 19.Rbc1 dxc5 20.bxc5 Nxc5 21.Rxd8+ Rxd8
22.Bxc5 Bxc5 23.Nxe5 Bd4 24.Qa5 Bb6 25.Qa4 Rd4 26.Qc2 Nxc3 {#d} 1/2-1/2

[Event "It (open) (juniors)"]
[Site "Hengelo (Netherlands)"]
[Round "2"]
[White "Gustafsson Jan (GER)"]
[Black "Van Roosmalen Sjoerd (NED)"]
[Result "1-0"]
[WhiteElo "2375"]
[BlackElo "2163"]

1.d4 Nf6 2.c4 d6 3.Nf3 Bg4 4.e3 Nbd7 5.h3 Bxf3 6.Qxf3 c6 7.Nc3 e5 8.Bd2 g6
9.O-O-O Bg7 10.g4 h6 11.h4 Qe7 12.Bd3 O-O-O 13.h5 g5 14.Bf5 Kb8 15.Qg3 Ne8
16.Rhe1 Nc7 17.f4 f6 18.Kb1 Bf8 19.Bc1 Rg8 20.b3 Qe8 21.Ne4 Qf7 22.fxe5 dxe5
23.Rf1 Be7 24.Bb2 Qg7 25.Bxd7 Rxd7 26.dxe5 Rxd1+ 27.Rxd1 Qh7 28.Qf3 fxe5
29.Bxe5 Bc5 30.Kb2 Qe7 31.Qf6 Ba3+ 32.Kc2 Qe8 33.c5 Ka8 34.Nd6 Qd7 35.Qf5 Qe7
36.Qf7 Qd8 37.Nxb7 Qc8 38.Bxc7 Rf8 39.Qxf8 Qxf8 40.Rd8+ Qxd8 41.Nxd8 Bxc5
42.e4 {#r} 1-0

[Event "Ch Vietnam (team)"]
[Site "Hue (Vietnam)"]
[Round "11"]
[White "Nguyen Anh Dung (VIE)"]
[Black "Tu Hoang Thai (VIE)"]
[Result "1-0"]
[WhiteElo "2485"]
[BlackElo "2327"]

1.d4 Nf6 2.c4 d6 3.Nf3 Bg4 4.Nc3 Nbd7 5.g3 Bxf3 6.exf3 c6 7.Bg2 d5 8.cxd5 cxd5
9.f4 e6 10.f5 Bb4 11.O-O Bxc3 12.bxc3 O-O 13.fxe6 fxe6 14.Re1 Re8 15.Qb3 Qb6
16.Bd2 Rac8 17.Re2 Qxb3 18.axb3 a6 19.Rae1 Kf7 20.g4 h6 21.f4 Nxg4 22.f5 Nb6
23.fxe6+ Kg8 24.c4 Nf6 25.Ba5 Rc6 26.Re5 Nc8 27.Bxd5 Nxd5 28.Rxd5 b5 29.c5 Ne7
30.Rd6 Rec8 31.b4 Kf8 32.d5 {#r} 1-0

[Event "It (open)"]
[Site "Ireland"]
[Round "2"]
[White "Baburin Alexander (IRL)"]
[Black "Short Philip M (IRL)"]
[Result "1-0"]
[WhiteElo "2570"]
[BlackElo "2295"]

1.d4 Nf6 2.c4 d6 3.Nf3 Bg4 4.Nc3 Bxf3 5.exf3 g6 6.g3 Nbd7 7.Bg2 Bg7 8.O-O O-O
9.Re1 c6 10.d5 Nb6 11.f4 Rc8 12.Qe2 Re8 13.Be3 cxd5 14.cxd5 Rxc3 15.Bxb6 Qxb6
16.bxc3 Qc5 17.Rab1 b6 18.Qb5 Qxc3 19.Rbc1 Qd2 20.Qe2 Qa5 21.Rc7 Nxd5 22.Bxd5
Qxd5 23.Rxe7 Rxe7 24.Qxe7 Bc3 25.Rc1 Qd2 26.Qe3 Qxe3 27.fxe3 Bb4 28.Rc7 Bc5
29.Kf2 b5 30.g4 h6 31.h4 b4 32.Kf3 Kg7 33.e4 Bb6 34.Rd7 Bc5 35.g5 hxg5 36.hxg5
Kf8 37.f5 a5 38.f6 Ke8 39.Re7+ Kf8 40.e5 {#r} 1-0

[Event "It (open) \"]
[Site "Jyvaskyla (Finland)"]
[Round "8"]
[White "Manninen Marko (FIN)"]
[Black "Maki-Uuro Miikka (FIN)"]
[Result "1/2-1/2"]
[WhiteElo "2365"]
[BlackElo "2300"]

1.d4 Nf6 2.c4 d6 3.Nf3 Bg4 4.Qb3 Qc8 5.Nc3 Bxf3 6.gxf3 Nbd7 7.Bh3 c6 8.f4 Qc7
9.f5 g6 10.Bf4 Qb6 11.Qxb6 Nxb6 12.b3 Nh5 13.Be3 Ng7 14.c5 Nc8 15.f6 exf6
16.d5 Nf5 17.dxc6 bxc6 18.Bxf5 gxf5 19.cxd6 Bxd6 20.O-O-O Ke7 21.h3 {#d}
1/2-1/2

[Event "It (open) (a)"]
[Site "Klatovy (Czech Republic)"]
[Round "0"]
[White "Michalek Jan (CZE)"]
[Black "Janousek Petr (CZE)"]
[Result "1/2-1/2"]
[WhiteElo "2285"]
[BlackElo "2185"]

1.Nf3 d6 2.d4 Bg4 3.c4 Nf6 4.Nc3 Nbd7 5.e4 c5 6.Be2 Qb6 7.d5 g6 8.O-O Bg7 9.h3
Bxf3 10.Bxf3 O-O 11.Qc2 Qc7 12.Be2 a6 13.a4 Rae8 14.f4 e5 15.f5 Rb8 16.g4 Ne8
17.Be3 f6 18.Kg2 g5 19.h4 h6 20.Rh1 a5 21.Rh3 Rf7 22.Rah1 Kf8 23.Nb5 Qd8
24.Qc1 Ke7 25.Bd2 Nf8 26.Qe1 Ra8 27.Rb3 b6 28.Nc3 Ra6 29.Nd1 Kd7 30.Ne3 Kc8
31.Nf1 Raa7 32.Ng3 Rab7 33.Nh5 Qc7 34.Rbh3 Kb8 35.hxg5 hxg5 36.Qg3 Ka7 37.Qb3
Qd7 38.Nxg7 Rxg7 39.Rh8 Rf7 40.Rg8 Nc7 41.Rhh8 Qe7 42.Bd1 Rb8 43.Bc1 Rh7
44.Qg3 Rf7 45.b3 {#d} 1/2-1/2

[Event "Ch Moscow"]
[Site "Moscow (Russia)"]
[Round "4"]
[White "Khamidulin Viacheslav (RUS)"]
[Black "Kremenietsky Anatoly M (RUS)"]
[Result "1-0"]
[WhiteElo "2315"]
[BlackElo "2410"]

1.Nf3 Nf6 2.c4 d6 3.d4 Bg4 4.Nc3 c6 5.e4 Nbd7 6.Be2 e5 7.Ng1 exd4 8.Qxd4 Qb6
9.Be3 Bxe2 10.Ngxe2 Ng4 11.Bd2 Nde5 12.Qxb6 axb6 13.f3 Nd3+ 14.Kf1 Nge5 15.b3
g6 16.Rd1 Be7 17.Be3 Nc5 18.Nc1 O-O 19.Kf2 f5 20.exf5 Rxf5 21.h3 Re8 22.Kg3
Bh4+ 23.Kxh4 Nxf3+ 24.gxf3 Rxe3 25.N1e2 Nd3 26.Rhf1 Ne5 27.Kg3 Nxf3 28.Kg2
Nh4+ 29.Kh2 Rg5 30.Rf2 d5 31.cxd5 cxd5 32.Rxd5 Rxe2 33.Rd8+ {#r} 1-0

[Event "Ch Moscow"]
[Site "Moscow (Russia)"]
[Round "8"]
[White "Kiselev Sergey (RUS)"]
[Black "Kremenietsky Anatoly M (RUS)"]
[Result "1-0"]
[WhiteElo "2505"]
[BlackElo "2410"]

1.d4 Nf6 2.Nf3 d6 3.c4 Bg4 4.Nc3 c6 5.e4 Nbd7 6.Be2 e5 7.O-O Be7 8.Be3 O-O
9.d5 c5 10.Nd2 Bxe2 11.Qxe2 Ne8 12.g3 a6 13.a4 Rb8 14.Rab1 Qa5 15.Qd3 Nc7
16.b4 Qb6 17.bxc5 Nxc5 18.Rxb6 Nxd3 19.Rfb1 Na8 20.Rxb7 Rxb7 21.Rxb7 Bd8
22.Nb3 Bc7 23.c5 dxc5 24.Nxc5 Nxc5 25.Bxc5 Rd8 26.d6 Bb8 27.Nd5 h6 28.d7 {#r}
1-0

[Event "Ch Netherlands (team) 1996/97 (final)"]
[Site "Netherlands"]
[Round "0"]
[White "Van Der Sterren Paul (NED)"]
[Black "De Heer Machiel (NED)"]
[Result "1-0"]
[WhiteElo "2555"]
[BlackElo "2325"]

1.d4 d6 2.Nf3 Bg4 3.c4 Nf6 4.Nc3 Bxf3 5.exf3 e6 6.d5 exd5 7.cxd5 Be7 8.Qb3 Qc8
9.Be2 Nbd7 10.O-O O-O 11.Be3 Nc5 12.Qc2 a5 13.a3 Re8 14.b4 axb4 15.axb4 Na6
16.Qb3 c6 17.dxc6 bxc6 18.Qa4 Nc7 19.Qxc6 Rxa1 20.Rxa1 Ncd5 21.Qxc8 Rxc8
22.Nxd5 Nxd5 23.b5 Nxe3 24.fxe3 g6 25.b6 Rb8 26.Rb1 Kf8 27.b7 Bd8 28.Bc4 Ke7
29.Bd5 f6 30.Rc1 Bb6 31.Rc8 Bxe3+ 32.Kf1 Ba7 33.Ke2 Kd7 34.Kd3 h6 35.g4 f5
36.gxf5 gxf5 37.f4 Ke7 38.Kc4 {#r} 1-0

[Event "VK1 1996/97"]
[Site "NRW (Germany)"]
[Round "0"]
[White "Rupeter Joerg (GER)"]
[Black "Frombach Ralf (GER)"]
[Result "1/2-1/2"]
[WhiteElo "2174"]
[BlackElo "2240"]

1.Nf3 d6 2.d4 Nf6 3.c4 Bg4 4.Nc3 Bxf3 5.exf3 c6 6.Be3 e6 7.Bd3 d5 8.O-O Be7
9.f4 O-O 10.Qf3 Nbd7 11.c5 Kh8 12.b4 a5 13.a3 b6 14.Ne2 Qc7 15.g4 Qb7 16.g5
Ne8 17.Ng3 axb4 18.axb4 Rxa1 19.Rxa1 bxc5 20.bxc5 Qb3 21.Qe2 Nc7 22.Rb1 Qa3
23.Rb7 Bd8 24.Bb1 f6 25.Bxh7 fxg5 26.Bg6 g4 27.Qxg4 Nf6 28.Qh4+ Kg8 29.f5 Qa8
30.Bg5 Nce8 31.Rxg7+ Kxg7 32.Bh6+ Kg8 33.Bxf8 Kxf8 34.Bxe8 Kxe8 35.fxe6 Qa1+
36.Kg2 Qe1 37.Qh8+ Ke7 38.Nf5+ Kxe6 39.Nd6 Qe2 40.Qxd8 {#d} 1/2-1/2

[Event "Ch Czech Republic (open)"]
[Site "Nymburk (Czech Republic)"]
[Round "0"]
[White "Konopka Michal (CZE)"]
[Black "Smejkal Ladislav (CZE)"]
[Result "1/2-1/2"]
[WhiteElo "2410"]
[BlackElo "2173"]

1.Nf3 Nf6 2.c4 d6 3.d4 Bg4 4.Qb3 Qc8 5.h3 Bh5 6.g4 Bg6 7.Bg2 c6 8.Nc3 Nbd7
9.Nh4 e5 10.Nxg6 hxg6 11.Be3 Be7 12.O-O Nf8 13.d5 c5 14.f4 N8d7 15.f5 gxf5
16.Rxf5 g6 17.Rf2 Nh7 18.Raf1 f6 19.Bh6 Qc7 20.Qc2 Rg8 21.Be4 Nhf8 22.Qa4 Nh7
23.h4 a6 24.h5 f5 25.gxf5 gxh5+ 26.Rg2 Rxg2+ 27.Bxg2 Nf6 28.Bf3 O-O-O 29.Kf2
e4 30.Nxe4 Nxe4+ 31.Bxe4 Bh4+ 32.Ke3 Nf6 33.Bf3 Qh7 34.Bf4 Re8+ 35.Kd2 Qxf5
36.e3 Bg5 {#d} 1/2-1/2

[Event "It (cat.10)"]
[Site "Olomouc (Czech Republic)"]
[Round "3"]
[White "Stohl Igor (SVK)"]
[Black "Manik Mikulas (SVK)"]
[Result "0-1"]
[WhiteElo "2565"]
[BlackElo "2465"]

1.d4 Nf6 2.Nf3 d6 3.c4 Bg4 4.Nc3 Nbd7 5.e4 e5 6.Be2 Be7 7.Be3 O-O 8.O-O c6
9.Nd2 Bxe2 10.Qxe2 exd4 11.Bxd4 Re8 12.f4 Bf8 13.Qf3 Qa5 14.Rad1 Re6 15.Kh1
Rae8 16.g4 h6 17.Rg1 g5 18.fxg5 Qxg5 19.Be3 Ne5 20.Bxg5 Nxf3 21.Nxf3 hxg5
22.Nxg5 Re5 23.h4 Rc5 24.b3 b5 25.Rd4 b4 26.Nd1 Ra5 27.Rg2 d5 28.cxd5 cxd5
29.Ne3 Bc5 30.Rxd5 Nxd5 31.Nxd5 Be7 32.Nf3 Bd8 33.Rc2 Rxe4 34.Rd2 Rc5 35.g5
Rg4 36.Kh2 Bc7+ 37.Kh1 Rc1+ {#R} 0-1

[Event "Tournament"]
[Site "Peru"]
[Round "2"]
[White "Yanez Juan (CHI)"]
[Black "Galvan Jesus (PER)"]
[Result "0-1"]
[WhiteElo "2343"]
[BlackElo "2226"]

1.d4 Nf6 2.Nf3 d6 3.c4 Bg4 4.e3 c6 5.Be2 Nbd7 6.O-O e5 7.dxe5 dxe5 8.Nc3 Qc7
9.a3 a5 10.Ng5 h6 11.Nge4 Bf5 12.Ng3 Bh7 13.Bd3 Nc5 14.Bxh7 Nxh7 15.b4 axb4
16.Nce4 Nxe4 17.Nxe4 Ng5 18.Ng3 Bc5 19.e4 bxa3 20.Qg4 Bd4 21.Rxa3 Rxa3 22.Bxa3
Qd7 23.Nf5 g6 24.Nd6+ Kd8 25.Qxd7+ Kxd7 26.h4 c5 27.Rb1 Kxd6 28.hxg5 Kc6
29.gxh6 Rxh6 30.g3 Rh8 31.Kg2 Ra8 32.Rb3 Ra4 33.Rf3 f5 34.Bc1 Rxc4 35.Bh6 fxe4
36.Rf6+ Kd5 37.g4 Rc2 38.Kg3 c4 39.Rxg6 Bxf2+ 40.Kg2 e3 41.Bf8 Bh4+ 42.Kf3
Rf2+ {#R} 0-1

[Event "Ch Portugal (team)"]
[Site "Portugal"]
[Round "0"]
[White "Damaso Rui (POR)"]
[Black "Vitor Antonio (POR)"]
[Result "1-0"]
[WhiteElo "2485"]
[BlackElo "2275"]

1.Nf3 Nf6 2.c4 d6 3.d4 Bg4 4.g3 e6 5.Qb3 Qc8 6.Bg2 c6 7.Nc3 Be7 8.h3 Bh5 9.e4
O-O 10.Be3 Bxf3 11.Bxf3 Rd8 12.Rc1 Qd7 13.d5 exd5 14.cxd5 c5 15.e5 Ne8 16.e6
Qc7 17.exf7+ Kxf7 18.Ne4 Qa5+ 19.Kf1 Qb6 20.Qc2 Nd7 21.Bg4 Kg8 22.Be6+ Kh8
23.h4 Nf8 24.Ng5 Bxg5 25.hxg5 g6 26.b4 Ng7 27.Bf7 Nf5 28.Qc3+ Ng7 29.bxc5 dxc5
30.Bxc5 Qc7 31.Qxg7+ Kxg7 32.Bxf8+ Rxf8 33.Rxc7 Rxf7 34.Rxh7+ Kxh7 {#r} 1-0

[Event "Ch Slovakia (team) 1996/97"]
[Site "Presov (Slovakia)"]
[Round "3"]
[White "Likavsky Tomas (SVK)"]
[Black "Gazik Igor (SVK)"]
[Result "1-0"]
[WhiteElo "2240"]
[BlackElo "2395"]

1.d4 Nf6 2.c4 d6 3.Nf3 Bg4 4.Qb3 Qc8 5.h3 Bh5 6.g4 Bg6 7.Bg2 c6 8.Nc3 Nbd7
9.Bf4 Qc7 10.Nh4 e5 11.Nxg6 hxg6 12.Be3 Be7 13.O-O-O a6 14.Kb1 Rb8 15.g5 Nh5
16.h4 exd4 17.Rxd4 Nc5 18.Qd1 Ne6 19.Re4 b5 20.Rxe6 fxe6 21.Qd3 Kf7 22.Be4
bxc4 23.Bxg6+ Kg8 24.Qxc4 d5 25.Qg4 Qe5 26.Bd4 Qd6 27.Bc5 Qd7 28.Na4 Bxc5
29.Nxc5 Qd6 30.Qxe6+ Qxe6 31.Nxe6 c5 32.Rc1 Rc8 33.b4 Rb8 34.Rxc5 Nf4 35.Nxf4
Rxb4+ 36.Kc2 Rxf4 37.h5 Rxf2 38.Kd3 Rf1 39.Rxd5 Rd1+ 40.Ke4 Rxd5 41.Kxd5 Kf8
42.Kd6 a5 43.a4 Rg8 44.e4 {#r} 1-0

[Event "Ch Slovakia (team) 1996/97"]
[Site "Presov (Slovakia)"]
[Round "7"]
[White "Solodovnichenko Yuri (UKR)"]
[Black "Priehoda Vitezslav (CZE)"]
[Result "1/2-1/2"]
[WhiteElo "2365"]
[BlackElo "2400"]

1.d4 d6 2.Nf3 Bg4 3.c4 Nf6 4.Nc3 Nbd7 5.e3 e5 6.Be2 c6 7.Qc2 Be7 8.O-O O-O
9.b3 Re8 10.Rd1 Bf8 11.dxe5 dxe5 12.Bb2 Qc7 13.h3 Bh5 14.e4 Nc5 15.Nh4 Bg6
16.Nxg6 hxg6 17.Bf1 Ne6 18.Na4 Rad8 19.c5 b5 20.cxb6 axb6 21.Rac1 b5 22.Nc3
Qa7 23.Rxd8 Rxd8 24.Ba1 Nd4 25.Qb1 Ba3 26.Rd1 Bc5 27.b4 Be7 28.Ne2 Nxe2+
29.Bxe2 Rxd1+ 30.Bxd1 Bd6 31.Qc2 Bxb4 32.Bxe5 Bc5 33.Bxf6 gxf6 34.Qe2 Qe7
35.Bb3 f5 36.e5 Bd4 {#d} 1/2-1/2